Normal view
MARC view
- جامعة فيلادافيا(جرش-الأردن)، أبو أصبع،صالح مراجع ومحررعبيدالله، يوسف المناصرة، عز الدين مراجع ومحرر
Entry Personal Name
001 - CONTROL NUMBER
- control field: 23522
003 - CONTROL NUMBER IDENTIFIER
- control field: JO-AjAnu
005 - DATE AND TIME OF LATEST TRANSACTION
- control field: 20230606074037.0
008 - FIXED-LENGTH DATA ELEMENTS
- fixed length control field: 230606|| aca||aabn | a|a d
040 ## - CATALOGING SOURCE
- Original cataloging agency: JO-AjAnu
- Transcribing agency: JO-AjAnu
100 ## - HEADING--PERSONAL NAME
- Personal name: جامعة فيلادافيا(جرش-الأردن)، أبو أصبع،صالح مراجع ومحررعبيدالله، يوسف المناصرة، عز الدين مراجع ومحرر
670 ## - SOURCE DATA FOUND
- Source citation: Work cat.: (JO-AjAnu)12090: جامعة فيلادافيا(جرش-الأردن)، أبو أصبع،صالح مراجع ومحررعبيدالله، يوسف المناصرة، عز الدين مراجع ومحرر, author, استشراق المستقبل: أوراق المؤتمر العلمي التاسع لكلية الاداب والفنون/ جامعة فيلادلفيا 26- 28 نيسان (ابريل) 2004